Σχεδίαση διαδραστικότητας : επεκτείνοντας την αλληλεπίδραση ανθρώπου-υπολογιστή
Αποθηκεύτηκε σε:
| Κύριος συγγραφέας: | |
|---|---|
| Άλλοι συγγραφείς: | , |
| Μορφή: | Βιβλίο |
| Γλώσσα: | Greek English |
| Δημοσίευση: |
Αθήνα :
Γκιούρδας,
2011.
|
| Έκδοση: | 3η έκδ. |
| Θέματα: | |
| Ετικέτες: |
Προσθήκη ετικέτας
Δεν υπάρχουν, Καταχωρήστε ετικέτα πρώτοι!
|
MARC
| LEADER | 00000cam a2200000 i 4500 | ||
|---|---|---|---|
| 001 | 1/60730 | ||
| 008 | 141216s2011 gr | ||| |||| ||gre|| | ||
| 020 | |a 9789605126506 | ||
| 035 | |l 10120162 | ||
| 040 | |a GR-MyUa |b gre |e AACR2 | ||
| 041 | 1 | |a gre |h eng | |
| 082 | 7 | |a 004.019 |2 (23) | |
| 100 | 1 | |a Rogers, Yvonne. | |
| 245 | 1 | 0 | |a Σχεδίαση διαδραστικότητας : |b επεκτείνοντας την αλληλεπίδραση ανθρώπου-υπολογιστή / |c Yvonne [Rogers], Hellen [Sharp], Jenny [Preece] ; απόδοση Γιάννης Β. Σαμαράς. |
| 250 | |a 3η έκδ. | ||
| 260 | |a Αθήνα : |b Γκιούρδας, |c 2011. | ||
| 300 | |a 576 σ. ; |c 24 εκ. | ||
| 504 | |a Περιλαμβάνει βιβλιογραφικές παραπομπές (σ. [531]-558) και ευρετήριο. | ||
| 500 | |a Το αντίτυπο του Παραρτήματος Σύρου είναι επανέκδοση του 2013. | ||
| 650 | 0 | |a Human-computer interaction. | |
| 700 | 1 | |a Sharp, Helen. | |
| 700 | 1 | |a Preece, Jenny, |d 1949- | |
| 852 | |a INST |b LESVOS |c EUDOXUS |e 20141216 |h 004.019 ROG |p 005100055793 |q 005100055793 |t EDX |y 0 | ||
| 852 | |a INST |b SYROS |c EUDOXUS |e 20141202 |h 004.019 ROG |p 005500012351 |q 005500012351 |t EDX |y 0 | ||
| 901 | |a BIBL1-2014-3 | ||
| 920 | |a Εύδοξος |b Παραγγελία |y Λέσβος-ΤΠΤΕ |z 2014-11 | ||
| 920 | |a Εύδοξος |b Παραγγελία |y Σύρος-ΤΜΣΠΣ |z 2014-12 | ||
| 970 | |a Τζαφέρη |b Ευαγγελία |z 16/12/2014 | ||